000 nam a22 7a 4500
999 _c9926
_d9926
008 180208b ||||| |||| 00| 0 eng d
100 _aGrewal, T S
_95399
245 _aEntry book Keebimg
260 _aNew Delhi
_bSultan Chand Publication
_c2013